|
|
|
|
| LEADER |
01511nam a2200337 a 4500 |
| 001 |
355 |
| 003 |
BD-DhAAL |
| 005 |
20150308121955.0 |
| 008 |
150308s1992 cau b 000 0 eng |
| 010 |
|
|
|a 92006811
|
| 020 |
|
|
|a 1558152113
|
| 040 |
|
|
|a DLC
|c DLC
|d DLC
|d BD-DhAAL
|
| 050 |
0 |
0 |
|a HB846.3
|b .N67 1992
|
| 082 |
0 |
0 |
|a 658.4/063
|2 20
|
| 100 |
1 |
|
|a North, Douglass C.
|q (Douglass Cecil)
|9 9214
|
| 245 |
1 |
0 |
|a Transaction costs, institutions, and economic performance /
|c Douglass C. North.
|
| 260 |
|
|
|a San Francisco, Calif. :
|b ICS Press,
|c c1992.
|
| 300 |
|
|
|a 32 p. ;
|c 23 cm.
|
| 490 |
1 |
|
|a Occasional papers / International Center for Economic Growth ;
|v no. 30
|
| 500 |
|
|
|a "An International Center for Economi Growth publication."
|
| 504 |
|
|
|a Includes bibliographical references (p. [31]-32).
|
| 541 |
|
|
|e 355
|
| 650 |
|
0 |
|a Transaction costs.
|9 9215
|
| 650 |
|
0 |
|a Institutional economics.
|9 9216
|
| 650 |
|
0 |
|a Organizational change.
|9 9217
|
| 650 |
|
0 |
|a Economic development.
|9 9218
|
| 830 |
|
0 |
|a Occasional papers (International Center for Economic Growth) ;
|v no. 30.
|9 8237
|
| 942 |
|
|
|2 ddc
|c BK
|
| 999 |
|
|
|c 33926
|d 33926
|
| 952 |
|
|
|0 0
|1 0
|2 ddc
|4 0
|6 658_406300000000000_NOR
|7 0
|9 52954
|a SCL
|b SCL
|c GEN
|d 2015-03-08
|e Gift: The Asia Foundation
|l 2
|m 19
|o 658.4063 NOR
|p 3020000355
|r 2019-06-24
|s 2019-05-16
|t 1
|w 2015-03-08
|y BK
|
| 952 |
|
|
|0 0
|1 0
|2 ddc
|4 0
|6 658_406300000000000_NOR
|7 0
|9 52960
|a SCL
|b SCL
|c GEN
|d 2015-03-09
|e Gift: The Asia Foundation
|l 2
|m 2
|o 658.4063 NOR
|p 3020000345
|r 2019-08-01
|s 2018-10-23
|t 2
|w 2015-03-09
|y BK
|